000 01883nam a2200289Ia 4500
999 _c37741
_d37741
001 3716
003 GE_BSU
005 20190627213555.0
008 181216s2012||||ge |||||||||||||| ||geo||
020 _a97899419-6683
040 _cGE_BSU
041 _ageo
080 _a27-9+27-242+27–246 გ–59
100 _aგოგებაშვილი, იაკობ
_92095
245 _aსაღმრთო ისტორია :
_bკოლექცია ბავშვებისათვის : [24 წიგნად]. წ. 21 /
_cიაკობ გოგებაშვილი ; მთ. რედ. მაია ალუდაური ; მხატვ.: გოჩა კაკაბაძე, მამუკა შენგელია ; ტექსტის რედ. მუშაობდნენ: ზურაბ სარჯველაძე, თამაზ ტონია, თამაზ ჩუბინიძე; იბეჭდება სრ. საქ. კათოლიკოს-პატრიარქის ილია II-ის ლოცვა-კურთხევით.
264 _aთბ. :
_bპალიტრა L,
_c2012.
300 _a48 გვ. :
_b ილ.,
_c20 სმ.
490 _aჟურნალ "კარიბჭის" ბიბლიოთეკა
653 _aრელიგია
653 _aქრისტიანობა
700 _aსარჯველაძე, ზურაბ
_eრედაქტორი
_93038
700 _aტონია, თამაზ
_eრედაქტორი
_93039
700 _aჩუბინიძე, თამაზ
_eრედაქტორი
_92098
700 _aკაკაბაძე, გოჩა
_eმხატვარი
_92099
700 _aშენგელია, მამუკა
_eმხატვარი
_92100
942 _cBK
_2udc